[Event "LUX-chABC"]
[Site "Dudelange"]
[Date "1998.04.13"]
[Round "3.15"]
[White "Da Silva, Serge"]
[Black "Schmit, Francis"]
[Result "0-1"]
[WhiteElo "1325"]
[BlackElo "1870"]
[PlyCount "74"]
[EventDate "1998.04.11"]
[EventType "swiss"]
[EventRounds "9"]
[EventCountry "LUX"]
[SourceTitle "EXT 2013"]
[Source "ChessBase"]
[SourceDate "2012.11.22"]
[SourceVersion "1"]
[SourceVersionDate "2012.11.22"]
[SourceQuality "1"]

1. Nf3 Nf6 2. c4 d5 3. cxd5 Nxd5 4. Nc3 e6 5. g3 Bd7 6. d3 Bc6 7. e4 Nb6 8. Bg2 N8d7 9. 0-0 Nf6 10. Ne5 Bd7 11. Bg5 Be7 12. Nxd7 Qxd7 13. Qe2 h6 14. Be3 c6 15. f4 h5 16. h3 0-0-0 17. Rad1 Qc7 18. Bf3 g5 19. e5 g4 20. hxg4 hxg4 21. Bxg4 Nxg4 22. Qxg4 Rdg8 23. Qf3 Rh3 24. Bf2 Rgh8 25. Be3 Bh4 26. Ne2 Be7 27. Kf2 Rh2+ 28. Ke1 Nd5 29. Bxa7 Qa5+ 30. Nc3 Nxc3 31. Rd2 Nb1 32. Rff2 Rh1+ 33. Qxh1 Rxh1+ 34. Ke2 Qxd2+ 35. Kf3 Qd1+ 36. Ke3 Re1+ 37. Kd4 Qa4+ 0-1